Connotaciones psicológicas de la simulación en el matrimonio canónico (Registro nro. 172204)
[ vista simple ]
| 000 -LEADER | |
|---|---|
| fixed length control field | 02686nam a22002897a 4500 |
| 007 - PHYSICAL DESCRIPTION FIXED FIELD--GENERAL INFORMATION | |
| fixed length control field | cr|||| |||| |
| 008 - FIXED-LENGTH DATA ELEMENTS--GENERAL INFORMATION | |
| fixed length control field | 220920s2022 es |||||s|||| 00||0 spa d |
| 020 ## - INTERNATIONAL STANDARD BOOK NUMBER | |
| International Standard Book Number | 978-84-1122-345-4 |
| 035 ## - | |
| -- | 37095 |
| 040 ## - CATALOGING SOURCE | |
| Original cataloging agency | vLex |
| 090 ## - | |
| -- | 13968 |
| -- | 13968 |
| 100 1# - MAIN ENTRY--PERSONAL NAME | |
| Personal name | Ortiz Herráiz, Julio |
| 245 10 - TITLE STATEMENT | |
| Title | Connotaciones psicológicas de la simulación en el matrimonio canónico |
| Medium | [Recurso electrónico] / |
| Statement of responsibility, etc | Julio Ortiz Herráiz |
| 256 ## - | |
| -- | Servicio en línea |
| 260 ## - PUBLICATION, DISTRIBUTION, ETC. (IMPRINT) | |
| Place of publication, distribution, etc | Madrid: |
| Name of publisher, distributor, etc | Dykinson, |
| Date of publication, distribution, etc | 2022 |
| 300 ## - PHYSICAL DESCRIPTION | |
| Extent | 1 recurso electrónico |
| 500 ## - GENERAL NOTE | |
| General note | Para la prueba de la simulación es necesario que la exclusión se realice por un acto positivo por el que se manifieste claramente la voluntad simulatoria del contrayente, por el que el acto salga a su existencia, por el que en definitiva la voluntad, previo el conocimiento del objeto, se determine positivamente a querer algo: es decir, no basta no querer el matrimonio, sus propiedades o elementos esenciales, sino que es preciso un querer excluirlos, como se suele decir en la jurisprudencia rotal, no se trata de un non velle sino de un velle non. En definitiva, para que el matrimonio sea nulo se requiere no aceptar el matrimonio o la propiedad o el elemento esencial por un acto positivo de voluntad, necesariamente anterior o concomitante a la celebración del matrimonio, como ha declarado alguna reciente sentencia rotal en el año 2021. No obstante, la mayor dificultad en la práctica será discernir en el caso concreto si, una vez demostrada la existencia de un acto positivo de voluntad, hacía referencia a la exclusión del derecho mismo o simplemente de su ejercicio, para lo cual deberá el Tribunal discernir, a la vista de todas las circunstancias cuál fue la verdadera intención del contrayente. Es en este punto en el que ha quedado evidenciado que en ocasiones encontramos algunos casos en los que algún tipo de exclusión y la incapacidad para asumir las obligaciones esenciales del matrimonio pueden estar simultáneamente presentes en el acto de prestación del consentimiento matrimonial. |
| 506 1# - RESTRICTIONS ON ACCESS NOTE | |
| Terms governing access | Disponible solo en los productos indicados |
| Authorized users | vLex Global |
| -- | vLex Global (Academic Edition, excluding Law Schools) |
| -- | vLex Global (U.S. Academic Edition, Law Schools) |
| -- | vLex Global (U.S. Academic Edition, excluding Law Schools) |
| -- | vLex Global (Academic Edition, Law Schools) |
| 650 04 - SUBJECT ADDED ENTRY--TOPICAL TERM | |
| Topical term or geographic name as entry element | Derecho Civil |
| Geographic subdivision | España |
| 650 04 - SUBJECT ADDED ENTRY--TOPICAL TERM | |
| Topical term or geographic name as entry element | Familia y Sucesiones |
| Geographic subdivision | España |
| 650 04 - SUBJECT ADDED ENTRY--TOPICAL TERM | |
| Topical term or geographic name as entry element | Derecho Militar |
| Geographic subdivision | España |
| 650 04 - SUBJECT ADDED ENTRY--TOPICAL TERM | |
| Topical term or geographic name as entry element | Filosofía y religión |
| Geographic subdivision | España |
| 740 0# - | |
| -- | vLex Libros (Servicio en línea) |
| 856 40 - LOCALIZACIÓN Y ACCESO ELECTRÓNICO | |
| Identificador Uniforme del Recurso (URI/URL) | https://app.vlex.com/#/sources/37095 |
| 942 ## - | |
| -- | RAA |
| 999 ## - | |
| -- | 172204 |
| -- | 172204 |
No hay ítems disponibles.